000 00616nam a2200181Ia 4500
008 151202s9999||||xx |||||||||||||| ||und||
082 _bPNVM-37870
100 _aभावे पु.भा.
245 _aआदेश विरुद्ध अत्रे.
260 _b"रावजी प्रकाशन,डोंबवली."
260 _c1989
300 _a168
600 _aभावे पु.भा.
630 _aआदेश विरुद्ध अत्रे.
700 _aभावे पु.भा.
730 _aआदेश विरुद्ध अत्रे.
942 _cBOOK
999 _c1303822
_d1303819